000
00277nam a22001337a 4500
003
SGT
082
_a
370
_b
E16G
100
_a
GUPTA, SANJAY
245
_a
EDUCATIONAL TECHNOLOGY
260
_a
NEW DELHI
_b
APH PUB
_c
2016
300
_a
136
650
_a
EDUCATION
942
_2
ddc
_c
BK
999
_c
12403
_d
12403